000 00556nam a2200193Ii 4500
003 JO-AjNU
008 230606s9999||||xx |||||||||||||| ||und||
040 _aJO-AjNU
_beng
_erda
_cJO-AjNU
041 _aeng
050 1 4 _aQA805 1988
100 3 _aTarg, S,
_eauthor
_96087
245 0 0 _aTHEORETICAL MECHANICS A SHORT COURSE
250 _a3ed
264 3 1 _aMoscow: Mir publisher, 1988
300 _a525p
_bIncludes bibliographical references
336 _atext
_btxt
_2rdacontent
337 _aunmediated
_bn
_2rdamedia
338 _avolume
_bnc
_2rdacarrier
999 _aE3158
_c3154
_d3154